[Event "USA-ch"]
[Site "Modesto"]
[Date "1995.??.??"]
[Round "9"]
[White "Waitzkin, Joshua"]
[Black "Yermolinsky, Alex"]
[Result "1/2-1/2"]
[WhiteElo "2440"]
[BlackElo "2560"]

1.e4 c5 2.Nf3 d6 3.Bc4 Nc6 4.c3 Nf6 5.d3 e6 6.Bb3 Be7 7.O-O O-O 8.Re1 b6
9.Nbd2 Bb7 10.Nf1 Rc8 11.Ng3 Qc7 12.Bf4 Ne5 13.d4 Ng6 14.Bg5 h6 15.Bd2 d5
16.e5 Ne4 17.Be3 f5 18.exf6 Rxf6 19.Nxe4 dxe4 20.Nd2 Nf4 21.Qg4 Rcf8 22.Bxf4 Qxf4
23.Qxf4 Rxf4 24.Bxe6+ Kh8 25.Re2 cxd4 26.cxd4 Rd8 27.d5 Bxd5 28.Bxd5 Rxd5
29.Nxe4 Rd7 30.f3 Rf5 31.Rc2 Rfd5 32.Kf2 Kg8 33.Ke2 Kf7 34.Rc6 Ra5 35.Rc2 Bf6
36.h3 h5 37.g4 hxg4 38.hxg4 Be5 39.Nd2 Re7 40.Ne4 Rd7 41.f4 Bxf4 42.Rf1 g5
43.Nxg5+ Kg6 44.Ne4 Rc7 45.Rxc7 Bxc7 46.a3 Be5 47.Rb1 Ra4 48.Kd3 Rd4+ 49.Ke3 Ra4
50.Kf3 Bd4 51.Kf4 a5 52.Kf3 b5 53.Nd2 Be5 54.Ne4 Bd4  1/2-1/2

[Event "USA-ch"]
[Site "Modesto"]
[Date "1995.??.??"]
[Round "10"]
[White "Dzindzichashvili, Roman"]
[Black "Waitzkin, Joshua"]
[Result "1-0"]
[WhiteElo "2545"]
[BlackElo "2440"]

1.e4 c5 2.Nc3 Nc6 3.f4 g6 4.Nf3 Bg7 5.Bb5 b6 6.O-O Bb7 7.d3 a6 8.Bxc6 Bxc6
9.Qe1 Qc7 10.Bd2 Nf6 11.Qh4 O-O-O 12.Ne5 Rhf8 13.Nxc6 dxc6 14.e5 Ne8 15.Be3 h5
16.Rae1 f6 17.f5 Qxe5 18.fxg6 Qc7 19.Qxh5 Rh8 20.Qg4+ Kb7 21.Bf4 Qd7 22.Qe6 Qxe6
23.Rxe6 Rd7 24.Ne2 Bf8 25.Ng3 Rg8 26.Nf5 Rxg6 27.Rfe1 Nc7 28.Nxe7 Rxg2+ 29.Kxg2 Nxe6
30.Rxe6 Bxe7 31.h4 Bf8 32.h5 Bg7 33.h6 Bh8 34.Bd6 f5 35.c3 Kc8 36.Kf3 Rh7
37.Kf4 Kd7 38.Rg6 Rf7 39.Be5 Bxe5+ 40.Kxe5 f4 41.Rg7  1-0

[Event "USA-ch"]
[Site "Modesto"]
[Date "1995.??.??"]
[Round "11"]
[White "Waitzkin, Joshua"]
[Black "Orlov, Georgi"]
[Result "1/2-1/2"]
[WhiteElo "2440"]
[BlackElo "2465"]

1.e4 c6 2.d4 d5 3.exd5 cxd5 4.c4 Nf6 5.Nc3 e6 6.Nf3 Bb4 7.cxd5 Nxd5 8.Qc2 Nd7
9.a3 Ba5 10.Bd3 N7f6 11.O-O h6 12.Nxd5 Nxd5 13.Qe2 Bd7 14.Ne5 Bc6 15.Qh5 Rf8
16.Be3 Bc7 17.Nxc6 bxc6 18.Rac1 Qd6 19.Rc2 Rb8 20.g3 Rb3 21.Qe2 Kd7 22.Rfc1 Rfb8
23.Bc4 R3b6 24.b4 Bd8 25.Bb3 Bf6 26.Rc5 Nxe3 27.fxe3 Ke7 28.Qc4 Kf8 29.Kf2 g6
30.Ba4 h5 31.Rxc6 Rxc6 32.Qxc6 Qxc6 33.Rxc6 Bd8 34.h3 Bb6 35.g4 hxg4 36.hxg4 Ke7
37.Bb3 Rh8 38.Kg2 Kd7 39.Ba4 Ke7 40.Bd1 Kd7 41.Ba4 Ke7 42.Rc1 Kd8 43.Bd1 Bc7
44.Kf3 Rh1 45.Ke2 Rh2+ 46.Kd3 Rh3 47.Kd2 f5 48.Rc6 Rh2+ 49.Kd3 Rh1 50.Bb3 fxg4
51.Rxe6 Rh6 52.Re4 g3 53.Rg4 Ke7 54.e4 Rh3 55.e5 g2+ 56.Kc4 Bxe5 57.Rxg2 Bxd4
58.Rxg6 Bb2 59.b5 Bxa3 60.Rg7+ Kd6 61.Bd1  1/2-1/2

[Event "USA-ch"]
[Site "Modesto"]
[Date "1995.??.??"]
[Round "12"]
[White "Wolff, Patrick G"]
[Black "Waitzkin, Joshua"]
[Result "1-0"]
[WhiteElo "2565"]
[BlackElo "2440"]

1.e4 c5 2.Nf3 d6 3.d4 cxd4 4.Nxd4 Nf6 5.Nc3 Nc6 6.Bc4 Qb6 7.Nb3 e6 8.Bf4 Ne5
9.Be2 Be7 10.Be3 Qc7 11.f4 Ng6 12.Bd3 a6 13.a4 b6 14.O-O O-O 15.Qe2 Re8 16.Rae1 Bb7
17.Qf2 Ng4 18.Bxb6 Qxc3 19.bxc3 Nxf2 20.Rxf2 Rab8 21.Be3 Rec8 22.Bd2 Bd8
23.a5 Bf6 24.c4 Rc7 25.g3 Rbc8 26.Bb4 Be7 27.Rd2 Rd7 28.Bf1 Rcd8 29.Bg2 Rc7
30.c5 dxc5 31.Rxd8+ Bxd8 32.Bxc5 Rd7 33.Bf1 Ne7 34.c4 Nc6 35.Bb6 Be7 36.e5 Bb4
37.Rb1 f6 38.Bh3 Kf7 39.f5 exf5 40.Bxf5 Re7 41.e6+ Ke8 42.Nc5 Bc8 43.Be4 Bxc5+
44.Bxc5 Rxe6 45.Bd5 Kd7 46.Rd1 Ke8 47.Bxe6 Bxe6 48.Rd6 Bd7 49.Bb6 Ke7 50.Bc7 Be8
51.Rd2 Bd7 52.Kf2 Be6 53.Rd6 Bd7 54.Ke3 Be8 55.Rd2 Bf7 56.c5 Be6 57.Rb2 Bc8
58.Bd6+ Kd7 59.Ke4 Nxa5 60.Kd5 Nc6 61.Bf8 g6 62.Rb6 f5 63.Bh6 a5 64.Kc4 a4
65.Kb5 Nd4+ 66.Kxa4 Ne6 67.Rd6+ Ke7 68.Be3 g5 69.Kb5 Bd7+ 70.Kb6 h6 71.Rd1 Nd8
72.Re1 Ne6 73.c6 Bc8 74.Bc5+ Kf6 75.Ra1 f4 76.Ra8 fxg3 77.hxg3 Nxc5 78.Rxc8  1-0

[Event "New York Syracuse"]
[Site "New York"]
[Date "1995.??.??"]
[Round "3"]
[White "Waitzkin, Joshua"]
[Black "Ivanov, Alexander"]
[Result "1/2-1/2"]
[WhiteElo "2440"]
[BlackElo "2530"]

1.e4 e5 2.Nf3 Nc6 3.Bc4 Nf6 4.d3 Bc5 5.c3 a6 6.O-O d6 7.Bb3 O-O 8.Re1 Ba7
9.h3 Be6 10.Nbd2 Nd7 11.Nf1 Bxb3 12.Qxb3 Nc5 13.Qc2 d5 14.Rd1 Ne6 15.Qb3 Nc5
16.Qc2 Ne6 17.Qb3 Nc5  1/2-1/2

[Event "New York Syracuse"]
[Site "New York"]
[Date "1995.??.??"]
[Round "4"]
[White "Palatnik, Semon"]
[Black "Waitzkin, Joshua"]
[Result "1-0"]
[WhiteElo "2475"]
[BlackElo "2440"]

1.d4 d5 2.c4 dxc4 3.Nf3 Nf6 4.Qa4+ Nc6 5.Nc3 e6 6.Ne5 Bd7 7.Qxc4 Bd6 8.Nxd7 Nxd7
9.e3 O-O 10.Be2 Na5 11.Qa4 c5 12.Ne4 Bc7 13.Nxc5 Nxc5 14.dxc5 Qd5 15.Bf3 Qxc5
16.Bd2 Qc4 17.Qa3 Qb5 18.Rc1 Bb6 19.Qb4 Qd3 20.Qe4 Qb5 21.Bc3 Nc6 22.Be2 Qg5
23.O-O Rfd8 24.Rfd1 Qe7 25.Bd3 f5 26.Qa4 Rd6 27.Be2 Rxd1+ 28.Rxd1 Rd8 29.g3 Rxd1+
30.Bxd1 Qd6 31.Bf3 Kf7 32.Kg2 Bd8 33.e4 Kg6 34.exf5+ exf5 35.Qb5 Bb6 36.a4 Qc5
37.Qxc5 Bxc5 38.Bd5 Nd8 39.b4 Bd6 40.b5 h6 41.h4 h5 42.f4 b6 43.Kf3 Nf7 44.Bc6 Nd8
45.Be8+ Kh6 46.a5 bxa5 47.Bxa5 Nb7 48.Bd2 Bb8 49.Be3 Nd6 50.Bc6 Kg6 51.Bd4 Kf7
52.Ke3 g6 53.Kd3 Ke7 54.Kc3 Ke6 55.Kb4 Ne4 56.Bxe4 fxe4 57.Kc4 Kf5 58.Kd5 Kg4
59.Kxe4 Bc7 60.Bxa7 Kxg3 61.Bd4 Kxh4 62.Kf3 Kh3 63.b6 Bxb6 64.Bxb6 Kh2 65.Bf2 Kh1
66.Kg3  1-0

[Event "New York Syracuse"]
[Site "New York"]
[Date "1995.??.??"]
[Round "5"]
[White "Waitzkin, Joshua"]
[Black "Zlotnikov, Mikhail"]
[Result "1-0"]
[WhiteElo "2440"]
[BlackElo "2375"]

1.e4 e5 2.Bc4 Nf6 3.d3 Nc6 4.Nf3 Be7 5.O-O d6 6.c3 O-O 7.Bb3 h6 8.Re1 Nh7
9.Be3 Ng5 10.Nbd2 Bg4 11.h3 Bh5 12.Kh2 Nxf3+ 13.Nxf3 Bg5 14.g4 Bxe3 15.fxe3 Bg6
16.a4 Nb8 17.Rf1 c6 18.Qe1 Nd7 19.Nh4 Qg5 20.Qg3 Rad8 21.Nf5 Bxf5 22.Rxf5 Qe7
23.Raf1 d5 24.exd5 Nc5 25.Rxe5 Qd6 26.Bc2 cxd5 27.d4 Ne4 28.Bxe4 dxe4 29.Qf4 Rd7
30.a5 Qa6 31.Rf2 f6 32.Qf5 Qd6 33.Qe6+ Qxe6 34.Rxe6 Kf7 35.Rxe4 Rc8 36.Re5 Rd6
37.Kg2 Re6 38.Rxe6 Kxe6 39.Rf5  1-0

[Event "San Francisco"]
[Site "San Francisco"]
[Date "1995.??.??"]
[Round "1"]
[White "Gulko, Boris F"]
[Black "Waitzkin, Joshua"]
[Result "1-0"]
[WhiteElo "2595"]
[BlackElo "2435"]

1.c4 e5 2.Nc3 Nf6 3.Nf3 Nc6 4.g3 d5 5.cxd5 Nxd5 6.Bg2 Nb6 7.O-O Be7 8.a3 O-O
9.b4 Re8 10.d3 Bf8 11.Bb2 Bg4 12.h3 Bh5 13.Rc1 Qd7 14.g4 Bg6 15.Nh4 a6 16.Ne4 Rad8
17.Qc2 Nd5 18.e3 a5 19.bxa5 Nxa5 20.Rfd1 Qb5 21.Rb1 Qa6 22.Nxg6 Qxg6 23.Ng3 Qc6
24.Qxc6 Nxc6 25.Rdc1 Na5 26.Rc2 c6 27.Bc1 Ra8 28.Bd2 Red8 29.Ne4 b6 30.Nc3 Nxc3
31.Bxc3 Rxd3 32.Rxb6 Nc4 33.Rxc6 Nxa3 34.Rb2 Re8 35.Bxe5 Rxe5 36.Rb8 g6 37.Rcc8 Kg7
38.Rxf8 h5 39.f4 Rb5 40.Rg8+ Kh7 41.Rh8+ Kg7 42.Rbg8+ Kf6 43.g5+ Kf5 44.Re8  1-0

[Event "San Francisco"]
[Site "San Francisco"]
[Date "1995.??.??"]
[Round "4"]
[White "Waitzkin, Joshua"]
[Black "Xie Jun"]
[Result "0-1"]
[WhiteElo "2435"]
[BlackElo "2555"]

1.e4 e5 2.Nf3 Nc6 3.Bc4 Bc5 4.c3 Nf6 5.d3 d6 6.O-O O-O 7.Bb3 a6 8.Re1 Ba7
9.h3 Be6 10.Nbd2 Bxb3 11.Qxb3 Rb8 12.Nf1 Nh5 13.Bg5 Qd7 14.Rad1 Qe6 15.d4 exd4
16.cxd4 Qxb3 17.axb3 f5 18.d5 Ne5 19.N1h2 fxe4 20.Rxe4 Rbe8 21.Rb4 b5 22.Kf1 h6
23.Bc1 g5 24.Be3 Bxe3 25.fxe3 Nxf3 26.Nxf3 Rxe3 27.Re1 Rxe1+ 28.Kxe1 Nf4
29.Rd4 Nxg2+ 30.Ke2 Nf4+  0-1

[Event "San Francisco"]
[Site "San Francisco"]
[Date "1995.??.??"]
[Round "5"]
[White "Browne, Walter S"]
[Black "Waitzkin, Joshua"]
[Result "0-1"]
[WhiteElo "2560"]
[BlackElo "2435"]

1.d4 Nf6 2.c4 c5 3.d5 b5 4.cxb5 a6 5.f3 axb5 6.e4 Qa5+ 7.Bd2 b4 8.Na3 d6
9.Nc4 Qd8 10.Bd3 e6 11.dxe6 Bxe6 12.Ne2 d5 13.exd5 Nxd5 14.O-O Be7 15.Qc2 h6
16.Bf5 Ra6 17.Ng3 O-O 18.Rfe1 Nc6 19.Bxe6 Nd4 20.Bxf7+ Rxf7 21.Qd3 Bh4 22.Ne5 Rfa7
23.a3 bxa3 24.Rxa3 Rxa3 25.bxa3 Bf6 26.Nh5 Re7 27.f4 Qd6 28.Nxf6+ Nxf6 29.a4 Qd5
30.Bc3 Ne6 31.g3 Nd4 32.Bxd4 cxd4 33.Rc1 Re8 34.Qc4 Ra8 35.Qxd5+ Nxd5  0-1

[Event "San Francisco"]
[Site "San Francisco"]
[Date "1995.??.??"]
[Round "9"]
[White "Kortschnoj, Viktor"]
[Black "Waitzkin, Joshua"]
[Result "1-0"]
[WhiteElo "2635"]
[BlackElo "2435"]

1.c4 e5 2.Nc3 Nf6 3.Nf3 Nc6 4.a3 g6 5.g3 d5 6.cxd5 Nxd5 7.Bg2 Nde7 8.b4 Bg7
9.Bb2 O-O 10.d3 a6 11.O-O b6 12.Rc1 Bb7 13.Qc2 Qd7 14.e3 Rad8 15.Rfd1 Qc8
16.Ne2 Qa8 17.e4 Rd7 18.Qb3 h6 19.a4 Kh7 20.b5 Nd4 21.Nfxd4 exd4 22.Bh3 f5
23.Nxd4 Bxd4 24.Bxd4 Rxd4 25.Rxc7 Qd8 26.Rxb7 fxe4 27.Qe6 Re8 28.Rc1  1-0

[Event "San Francisco"]
[Site "San Francisco"]
[Date "1995.??.??"]
[Round "11"]
[White "Waitzkin, Joshua"]
[Black "Christiansen, Larry Mark"]
[Result "1/2-1/2"]
[WhiteElo "2435"]
[BlackElo "2570"]

1.e4 d6 2.d4 Nf6 3.Nc3 g6 4.g3 Bg7 5.Bg2 O-O 6.Nge2 Nbd7 7.h3 e5 8.Be3 a6
9.a4 b6 10.O-O Bb7 11.g4 b5 12.axb5 axb5 13.d5 b4 14.Na2 Nc5 15.f3 Qd7 16.Qd2 b3
17.Nac3 c6 18.dxc6 Qxc6 19.g5 Nh5 20.Nd5 Kh8 21.Rxa8 Rxa8 22.cxb3 Nxb3 23.Qb4 Nc5
24.Rc1 Qa6 25.Qc4 Qxc4 26.Rxc4 Nd3 27.b4 Bxd5 28.exd5 h6 29.gxh6 Bf6 30.b5 Ra1+
31.Bf1 Ne1 32.Rc1 Nxf3+ 33.Kf2 Rxc1 34.Nxc1 Nd4 35.b6 Bh4+ 36.Kg2 Bd8 37.b7 Bc7
38.Bxd4 exd4 39.Kf3 Nf6 40.Nb3 Kh7 41.Nxd4 Kxh6 42.Nc6 Nd7 43.Bb5 Kg5 44.Nb4  1/2-1/2

[Event "Donner mem op"]
[Site "Amsterdam"]
[Date "1996.??.??"]
[Round "8"]
[White "Waitzkin, Joshua"]
[Black "Kohler, Aran"]
[Result "1/2-1/2"]
[WhiteElo "2435"]
[BlackElo "2320"]

1.e4 c6 2.d4 d5 3.exd5 cxd5 4.c4 Nf6 5.Nc3 Nc6 6.Bg5 e6 7.c5 Be7 8.Bb5 O-O
9.Nf3 Ne4 10.Bxe7 Nxe7 11.Qc2 Qa5 12.Bd3 Nxc3 13.bxc3 h6 14.Rb1 Nc6 15.O-O e5
16.Bb5 e4 17.Bxc6 bxc6 18.Ne5 Ba6 19.Nxc6 Qc7 20.Nb4 Bxf1 21.Rxf1 Rfd8 22.c4 dxc4
23.Qxc4 Rac8 24.Rc1 Qf4 25.d5 a5 26.Nc6 Rd7 27.Re1 Kh7 28.Rxe4 Qf5 29.Ne7 Rxe7
30.Rxe7 Rxc5 31.Qf1  1/2-1/2

[Event "New York CITS"]
[Site "New York"]
[Date "1996.??.??"]
[Round "1"]
[White "Waitzkin, Joshua"]
[Black "Adams, Michael"]
[Result "0-1"]
[WhiteElo "2435"]
[BlackElo "2660"]

1.e4 e5 2.Nf3 Nc6 3.Bc4 Nf6 4.d3 Bc5 5.c3 a6 6.O-O Ba7 7.Re1 O-O 8.Bb3 d6
9.h3 Be6 10.Nbd2 Nd7 11.Nf1 Bxb3 12.Qxb3 Nc5 13.Qc2 Ne6 14.Be3 Bxe3 15.Nxe3 Nf4
16.Kh2 Qf6 17.Ng1 Rae8 18.Rf1 Qd8 19.g3 Nh5 20.Rae1 Nf6 21.f4 d5 22.f5 d4
23.Ng2 dxc3 24.bxc3 Qd6 25.Rd1 Rd8 26.Nf3 Qc5 27.Qb2 b5 28.Rfe1 Rd7 29.d4 Qe7
30.d5 Na5 31.g4 h6 32.Qc1 c6 33.g5 hxg5 34.Qxg5 Rfd8 35.Ngh4 cxd5 36.Rg1 Ne8
37.Qh6 Rd6 38.Qh5 dxe4 39.Rxd6 Rxd6 40.Ng5 Rd2+ 41.Ng2 Nf6 42.Qh4 Qb7 43.Qg3 Nc4
44.Kh1 e3  0-1

[Event "New York CITS"]
[Site "New York"]
[Date "1996.??.??"]
[Round "2"]
[White "Sokolov, Ivan"]
[Black "Waitzkin, Joshua"]
[Result "1-0"]
[WhiteElo "2665"]
[BlackElo "2435"]

1.d4 Nf6 2.Nf3 d5 3.c4 dxc4 4.e3 e6 5.Bxc4 c5 6.Qe2 a6 7.dxc5 Bxc5 8.O-O Nbd7
9.e4 b5 10.Bd3 Bb7 11.a4 bxa4 12.Nc3 Bd6 13.Rxa4 Nc5 14.Rd4 Qb8 15.Bc2 e5
16.Rdd1 O-O 17.Bg5 Be7 18.Nd5 Bxd5 19.exd5 e4 20.d6 Bd8 21.Qc4 exf3 22.Qxc5 fxg2
23.Rfe1 Qc8 24.Qxc8 Rxc8 25.Ba4 h6 26.Bxf6 Bxf6 27.d7 Rcd8 28.Re8 g6 29.b3 Bg5
30.Rd6 a5 31.Rd5 f5 32.Kxg2 Kg7 33.Rxa5 Kf7 34.Rae5 Bf6 35.R5e6 g5 36.Bc6  1-0

[Event "New York CITS"]
[Site "New York"]
[Date "1996.??.??"]
[Round "3"]
[White "Waitzkin, Joshua"]
[Black "Sunye Neto, Jaime"]
[Result "1-0"]
[WhiteElo "2435"]
[BlackElo "2505"]

1.e4 c5 2.Nf3 d6 3.d4 cxd4 4.Nxd4 Nf6 5.Nc3 a6 6.f4 e5 7.Nf3 Nbd7 8.a4 Be7
9.Bd3 O-O 10.O-O exf4 11.Bxf4 Nc5 12.Kh1 Bg4 13.Qe1 Rc8 14.Qg3 Be6 15.Be3 b5
16.axb5 axb5 17.Ng5 Nxd3 18.cxd3 b4 19.Nb5 Bd7 20.Nxd6 Bxd6 21.Qxd6 h6 22.Bb6 Qe8
23.Nf3 Bb5 24.Rfc1 Qd7 25.Bc5 Qxd6 26.Bxd6 Rxc1+ 27.Rxc1 Rd8 28.e5 Ne8 29.Bxb4 Rxd3
30.Kg1 Re3 31.Rc5 Bd7 32.Bc3 Kh7 33.Kf2 Re4 34.b4 g5 35.b5 Ra4 36.b6 Ra6
37.Ba5 Ra8 38.Nd4 Kg6 39.Nc6  1-0

[Event "New York CITS"]
[Site "New York"]
[Date "1996.??.??"]
[Round "6"]
[White "Waitzkin, Joshua"]
[Black "Dzindzichashvili, Roman"]
[Result "1/2-1/2"]
[WhiteElo "2435"]
[BlackElo "2545"]

1.e4 c6 2.d4 d5 3.exd5 cxd5 4.c4 Nf6 5.Nc3 e6 6.Nf3 Be7 7.cxd5 Nxd5 8.Bc4 O-O
9.O-O Nc6 10.Re1 Nxc3 11.bxc3 b6 12.Qe2 Bb7 13.Bd3 Bf6 14.Ba3 Re8 15.Rad1 Be7
16.Bb2 Rc8 17.Qe4 g6 18.Qg4 Bf6 19.h4 h5 20.Qg3 Qc7 21.Qh3 Ne7 22.Ne5 Nf5
23.g3 Bg7 24.Rd2 a6 25.Rde2 b5 26.g4 hxg4 27.Qxg4 Qe7 28.Bxf5 exf5 29.Qg3 Qd6
30.Kh2 Qd5 31.h5 Bxe5 32.dxe5 Rc4 33.f4 Kg7 34.h6+ Kxh6 35.Qh4+ Kg7 36.Qf6+ Kg8
37.Rg1 Re6 38.Qh4 Qd3 39.Rf2 Re4 40.Ba3 Qd7 41.Qh6 Qe8 42.Bd6 Rxd6 43.exd6 Qe6
44.Qh5 Qxd6 45.Qxf5 Kg7 46.Qg4 Qc5 47.Re2 Qxc3 48.Rxe4 Bxe4 49.Qe2 Bd5 50.Qf2 a5
51.Rg5 Bc4 52.Rg3 Qa1 53.a3 Bd5 54.Rg1 Qc3 55.Rd1 Be6 56.Qd4+ Qxd4 57.Rxd4 Kf6
58.Kg3 Ke7 59.Kf3 Bb3 60.Ke4 Ke6 61.Kd3 Bd5 62.Kc3 Kd6 63.Rd2 Kc5 64.Rb2 Be6
65.Rb1 Bf5 66.Rb2 Bg4 67.Rb1 Be6 68.Rb2 Bf5 69.Rb3 Be4 70.Rb2 f6 71.Rb3 g5
72.fxg5 fxg5 73.Rb2 g4 74.Rh2 b4+ 75.axb4+ axb4+ 76.Kb2 g3 77.Rh5+ Bd5 78.Rg5 g2
79.Rg4 Kd6 80.Rg6+ Ke5  1/2-1/2

[Event "New York CITS"]
[Site "New York"]
[Date "1996.??.??"]
[Round "8"]
[White "Waitzkin, Joshua"]
[Black "Serper, Grigory"]
[Result "0-1"]
[WhiteElo "2435"]
[BlackElo "2540"]

1.e4 c6 2.d4 d5 3.Nc3 dxe4 4.Nxe4 Nd7 5.Nf3 Ngf6 6.Ng3 e6 7.Be2 c5 8.O-O cxd4
9.Nxd4 Bc5 10.b3 O-O 11.Bb2 a6 12.c4 Qc7 13.a3 b6 14.b4 Be7 15.Re1 Bb7 16.Bd3 Rfe8
17.Qe2 Nf8 18.Rac1 Ng6 19.Qc2 Nf4 20.Bf1 Rad8 21.c5 bxc5 22.bxc5 Bd5 23.Nde2 Rc8
24.Nxf4 Qxf4 25.Bxa6 Rxc5 26.Qe2 Ra8 27.Bb5 Ng4 28.a4 Rac8 29.Qf1 h5 30.f3 Nxh2
31.Ne2 Qd2 32.Kxh2 Qxb2 33.Rxc5 Rxc5 34.Kh1 Bd6 35.Ng1 Qd4 36.Nh3 Rc2 37.Rd1 Qe5
38.f4 Qe3 39.Rxd5 exd5 40.a5 Rc1  0-1

[Event "New York CITS"]
[Site "New York"]
[Date "1996.??.??"]
[Round "9"]
[White "Ashley, Maurice"]
[Black "Waitzkin, Joshua"]
[Result "1-0"]
[WhiteElo "2460"]
[BlackElo "2435"]

1.c4 e5 2.Nc3 Nc6 3.Nf3 Nf6 4.e4 Bb4 5.d3 d6 6.g3 O-O 7.Bg2 a6 8.O-O Bc5
9.h3 h6 10.Be3 Be6 11.b3 Nd7 12.d4 exd4 13.Nxd4 Nxd4 14.Bxd4 Qg5 15.f4 Qf6
16.Bxc5 Nxc5 17.Qd2 Rad8 18.Rfe1 c6 19.Rac1 Bc8 20.Red1 Rfe8 21.Qd4 Qxd4+
22.Rxd4 Kf8 23.Rcd1 Ke7 24.R4d2 a5 25.Kf2 Be6 26.f5 Bc8 27.g4 g5 28.e5 Kf8
29.exd6 Re5 30.Ne2 Bd7 31.Ng3 f6 32.Bf3 Rde8 33.Re2 Kf7 34.Rxe5 Rxe5 35.Ne2 h5
36.Nd4 h4 37.a3 Na6 38.Rb1 Nc5 39.Rd1 Na6 40.Rd2 Re8 41.Nc2 Re5 42.b4 axb4
43.axb4 Ke8 44.c5 Kd8 45.Be2 Nxb4 46.Nxb4 Rxc5 47.Ke1 Be8 48.Nd3 Rc3 49.Nf2 Re3
50.Rd3 Re5 51.Rd4 b5 52.Re4 Rd5 53.Re6 b4 54.Ne4  1-0

[Event "Budapest FS10 IM-A"]
[Site "Budapest"]
[Date "1997.10.05"]
[Round "1"]
[White "Waitzkin, Joshua"]
[Black "Mikhalevski, Alexander"]
[Result "1/2-1/2"]
[WhiteElo "2435"]
[BlackElo "2470"]

1.e4 e5 2.Nf3 Nc6 3.Nc3 Nf6 4.g3 d5 5.exd5 Nxd5 6.Bg2 Nxc3 7.bxc3 Bc5 8.O-O O-O
9.Re1 Qf6 10.d3 h6 11.Rb1 Bb6 12.Qe2 Bd7 13.Nd2 Rfe8 14.Ne4 Qg6 15.Ba3 Bg4
16.Qd2 Rad8 17.Nc5 Bc8 18.Na4 Be6 19.Nc5 Bc8 20.Na4 Be6 21.Nc5  1/2-1/2

[Event "Budapest FS10 IM-A"]
[Site "Budapest"]
[Date "1997.10.06"]
[Round "2"]
[White "Afek, Yochanan"]
[Black "Waitzkin, Joshua"]
[Result "0-1"]
[WhiteElo "2380"]
[BlackElo "2435"]

1.e4 c5 2.Nf3 d6 3.d4 Nf6 4.Nc3 cxd4 5.Nxd4 Nc6 6.Bc4 Qb6 7.Nxc6 bxc6 8.O-O g6
9.Qe2 Nd7 10.a4 Bg7 11.a5 Qc7 12.f4 O-O 13.Qf2 Rb8 14.Ra3 Rb4 15.Ba2 Nf6
16.Qe1 Qb8 17.f5 gxf5 18.exf5 d5 19.Rb3 Rxb3 20.Bxb3 Qb4 21.Kh1 e6 22.Bd2 Qd6
23.fxe6 fxe6 24.Bf4 Qb4 25.Bd2 Ng4 26.Nxd5 Rxf1+ 27.Qxf1 Qxd2 28.Ne7+ Kh8
29.Nxc8 Nf2+ 30.Kg1 Bd4 31.c3 Bc5 32.h3 Qf4 33.Qc4 Ng4+  0-1

[Event "Budapest FS10 IM-A"]
[Site "Budapest"]
[Date "1997.10.07"]
[Round "3"]
[White "Waitzkin, Joshua"]
[Black "Vadasz, Laszlo"]
[Result "1-0"]
[WhiteElo "2435"]
[BlackElo "2320"]

1.e4 c6 2.d4 d5 3.Nc3 dxe4 4.Nxe4 Nd7 5.Ng5 Ngf6 6.Bd3 e6 7.Qe2 Bd6 8.N1f3 h6
9.Ne4 Nxe4 10.Qxe4 Nf6 11.Qe2 Qc7 12.Bd2 b6 13.O-O-O Bb7 14.Kb1 O-O-O 15.c4 c5
16.Bc3 Kb8 17.Rhe1 Ka8 18.dxc5 Bxc5 19.b4 Bd6 20.a3 Rc8 21.g3 Rhd8 22.Nd4 Rd7
23.Nb5 Qc6 24.Bxf6  1-0

[Event "Budapest FS10 IM-A"]
[Site "Budapest"]
[Date "1997.10.08"]
[Round "4"]
[White "Lengyel, Levente"]
[Black "Waitzkin, Joshua"]
[Result "0-1"]
[WhiteElo "2335"]
[BlackElo "2435"]

1.d4 Nf6 2.Nf3 d5 3.c4 e6 4.e3 c6 5.Bd3 Nbd7 6.O-O Be7 7.Nc3 dxc4 8.Bxc4 b5
9.Bd3 Bb7 10.e4 b4 11.Na4 c5 12.e5 Nd5 13.Nxc5 Bxc5 14.dxc5 Nxc5 15.Bb5+ Kf8
16.Qd4 Qb6 17.Be2 h6 18.Qh4 a5 19.Nd2 g5 20.Qg3 Nf4 21.Bf3 Qb5 22.Nb3 Ne4
23.Nd4 Qxf1+ 24.Kxf1 Nxg3+ 25.hxg3 Nd5  0-1

[Event "Budapest FS10 IM-A"]
[Site "Budapest"]
[Date "1997.10.09"]
[Round "5"]
[White "Waitzkin, Joshua"]
[Black "Hoang Than Trang"]
[Result "1/2-1/2"]
[WhiteElo "2435"]
[BlackElo "2350"]

1.e4 e6 2.d4 d5 3.Nd2 Nf6 4.e5 Nfd7 5.c3 c5 6.Bd3 Nc6 7.Ne2 cxd4 8.cxd4 f6
9.exf6 Qxf6 10.Nf3 h6 11.O-O Bd6 12.Bb1 O-O 13.Qd3 Rd8 14.a3 Nf8 15.Nc3 Bd7
16.Re1 Be8 17.Qe3 Rac8 18.Ba2 Bh5 19.Ne5 Qh4 20.Nb5 Nxe5 21.dxe5 Bc5 22.Qf4 Ng6
23.Qxh4 Nxh4 24.Be3 Bxe3 25.Rxe3 Nf5 26.Rc3 Rxc3 27.Nxc3 g5 28.f3 Bg6 29.Kf2 Kf7
30.Rd1 Rc8 31.Rd2 a6 32.g3 Ne7 33.f4 gxf4 34.gxf4 Bh5 35.Rd3 Nf5 36.Bb3 Ke7
37.Na2 Be8 38.Rc3 Bc6 39.Nb4 a5 40.Nd3 Rg8 41.Rc1 Nh4 42.Rg1 Rxg1 43.Kxg1 Ng6
44.Bc2 Bb5 45.Nc5 Nxf4 46.Nxb7 Ne2+ 47.Kf2 Nd4 48.Bd1 Nc6 49.Ke3 Nxe5 50.Nxa5 Kd6
51.b4 Nc4+ 52.Nxc4+  1/2-1/2

[Event "Budapest FS10 IM-A"]
[Site "Budapest"]
[Date "1997.10.12"]
[Round "8"]
[White "Cao Sang"]
[Black "Waitzkin, Joshua"]
[Result "1/2-1/2"]
[WhiteElo "2515"]
[BlackElo "2435"]

1.e4 d5 2.exd5 Qxd5 3.Nc3 Qa5 4.d4 c6 5.Nf3 Bf5 6.Bc4 Nf6 7.Bd2 e6 8.Qe2 Bb4
9.O-O-O Nbd7 10.a3 Bxc3 11.Bxc3 Qc7 12.Ne5 Nxe5  1/2-1/2

[Event "Budapest FS10 IM-A"]
[Site "Budapest"]
[Date "1997.10.13"]
[Round "9"]
[White "Waitzkin, Joshua"]
[Black "Levin, Felix"]
[Result "0-1"]
[WhiteElo "2435"]
[BlackElo "2475"]

1.e4 e5 2.Bc4 Nf6 3.d3 Nc6 4.Nf3 Bc5 5.c3 d6 6.O-O O-O 7.Bb3 a6 8.Re1 Ba7
9.h3 Be6 10.Nbd2 Nd7 11.Nf1 Bxb3 12.Qxb3 Nc5 13.Qc2 Ne6 14.Be3 d5 15.exd5 Qxd5
16.Bxa7 Rxa7 17.Ne3 Qd7 18.Ng4 f6 19.d4 exd4 20.Qf5 Re8 21.Re4 Re7 22.Rd1 Ng5
23.Qxd7 Nxf3+ 24.gxf3 Rxd7 25.Re8+ Kf7 26.Rh8 d3 27.f4 Ne7 28.Rb8 b5 29.Ne3 c5
30.c4 bxc4 31.Nxc4 Rd4 32.b3 Nd5 33.Nd6+ Ke6 34.Nb7 Rxb7 35.f5+ Kd6 36.Rxb7 d2
37.b4 c4 38.Ra7 Nc3 39.Rxa6+ Kd5 40.Ra5+ Ke4  0-1

[Event "Budapest FS10 IM-A"]
[Site "Budapest"]
[Date "1997.10.15"]
[Round "11"]
[White "Waitzkin, Joshua"]
[Black "Stocek, Jiri"]
[Result "1-0"]
[WhiteElo "2435"]
[BlackElo "2470"]

1.e4 c5 2.Nf3 d6 3.d4 cxd4 4.Nxd4 Nf6 5.Nc3 e6 6.Be2 a6 7.f4 Qc7 8.a4 b6
9.O-O Bb7 10.Bf3 Nbd7 11.Kh1 Rd8 12.Qe1 Be7 13.Be3 O-O 14.Bg1 Nc5 15.b4 Ncd7
16.Rb1 g6 17.Rb3 e5 18.Nde2 Rfe8 19.Qf2 Bf8 20.fxe5 dxe5 21.Qh4 Bg7 22.Be3 Rc8
23.Ng3 a5 24.bxa5 bxa5 25.Be2 Re6 26.Rfb1 Ba8 27.Nb5 Qd8 28.Bd3 Nc5 29.Na7 Nfxe4
30.Qxd8+ Rxd8 31.Rb8 Ree8 32.Rxa8 Rxa8 33.Bxe4 Nxe4 34.Nxe4 f5 35.Nd6 Red8
36.Ndb5 f4 37.Bb6 Rd2 38.c4 e4 39.c5 e3 40.Bxa5 Rc2 41.c6 Be5 42.Bb6 g5 43.c7 Bxc7
44.Nxc7 Rxc7 45.Bxc7 Rxa7 46.Bd8 g4 47.a5 f3 48.gxf3 gxf3 49.Bb6 Ra8 50.Kg1 Kf7
51.Rb3  1-0

[Event "Bayern-chI Bank Hofmann"]
[Site "Bad Wiessee"]
[Date "1997.11.15"]
[Round "1"]
[White "Waitzkin, Joshua"]
[Black "Sax, Hans"]
[Result "1-0"]
[WhiteElo "2435"]
[BlackElo "2065"]

1.e4 d5 2.exd5 Nf6 3.c4 e6 4.Nc3 exd5 5.d4 Bb4 6.Bd3 O-O 7.Ne2 c5 8.O-O Nc6
9.Nxd5 Nxd5 10.cxd5 Nxd4 11.Nxd4 cxd4 12.Qf3 Qh4 13.Bf4 Re8 14.h3 Qf6 15.a3 Bd6
16.Bxd6 Qxd6 17.Rad1 Bd7 18.Rd2 g6 19.Rfd1 Re5 20.Bc4 Rae8 21.Qg3 Re1+ 22.Kh2 Qxg3+
23.Kxg3 Rxd1 24.Rxd1 Kg7 25.Rxd4 Kf6 26.f4 Re1 27.Kf2 Rc1 28.Bb3 Rb1 29.Rd2 Rc1
30.d6 Rc8 31.g4 Be6 32.Ba4 Rd8 33.g5+ Kg7 34.h4 Kf8 35.Ke3 Bd7 36.Bxd7 Rxd7
37.Ke4 Rd8 38.Kd5 Rd7 39.Re2 f6 40.gxf6 Kf7 41.Re7+  1-0

[Event "Bayern-chI Bank Hofmann"]
[Site "Bad Wiessee"]
[Date "1997.11.18"]
[Round "4"]
[White "Dautov, Rustem"]
[Black "Waitzkin, Joshua"]
[Result "1-0"]
[WhiteElo "2595"]
[BlackElo "2435"]

1.d4 d5 2.c4 dxc4 3.Nf3 Nf6 4.e3 e6 5.Bxc4 a6 6.Bb3 c5 7.O-O Nc6 8.Nc3 Be7
9.Qe2 cxd4 10.Rd1 d3 11.Rxd3 Qc7 12.e4 O-O 13.e5 Nd7 14.Bf4 Nc5 15.Re3 Nxb3
16.axb3 Bd7 17.Rd1 Rad8 18.Ng5 h6 19.Nge4 Nxe5 20.Re1 Qa5 21.b4 Bxb4 22.Nf6+ gxf6
23.Bxe5 Bxc3 24.Rg3+ Kh8 25.Qe3 Bd2 26.Bxf6+ Kh7 27.Rg7+ Kh8 28.Qg3  1-0

[Event "Bayern-chI Bank Hofmann"]
[Site "Bad Wiessee"]
[Date "1997.11.19"]
[Round "5"]
[White "Waitzkin, Joshua"]
[Black "Graf, Christian"]
[Result "1-0"]
[WhiteElo "2435"]
[BlackElo "2230"]

1.e4 c6 2.d4 d5 3.Nd2 dxe4 4.Nxe4 Bf5 5.Ng3 Bg6 6.h4 h6 7.f4 e6 8.Nf3 Bd6
9.h5 Bh7 10.Bd3 Bxd3 11.Qxd3 Nf6 12.Bd2 Nbd7 13.O-O-O Qc7 14.Ne5 c5 15.Rhe1 cxd4
16.Nxd7 Qxd7 17.Qxd4 O-O 18.Ne4 Nxe4 19.Rxe4 Rfd8 20.Bc3 f5 21.Rxe6 Bxf4+
22.Kb1 Qc7 23.Qg1 Rxd1+ 24.Qxd1 Rd8 25.Qe2 Qd7 26.a3 Qd1+ 27.Qxd1 Rxd1+ 28.Ka2 Rd7
29.a4 Bd2 30.Be5 Bg5 31.Rg6 Re7 32.Bd4 Be3 33.Bc3 Rd7 34.b4 Bd2 35.Kb3 Bxc3
36.Kxc3 Kf7 37.a5 Rc7+ 38.Kb3 a6 39.c4 Ke8 40.Rd6 Rf7 41.b5 axb5 42.cxb5 Ke7
43.Rd3 Rf6 44.Rg3 Rf7 45.Rd3 Rf6 46.Kc4 g5 47.Ra3 f4 48.a6 bxa6 49.bxa6 Rf8
50.a7 Ra8 51.Ra6 Kf8 52.Kb5 g4 53.Kb6 f3 54.gxf3 gxf3 55.Kb7 f2 56.Rf6+ Ke7
57.Rxf2  1-0